000 00564nmm a2200169Ia 4500
008 251105s9999||||xx |||||||||||||||||und||
020 _a8479087498
041 _aspa
100 _aSantamaría Pérez, M. I.
245 0 _aLa fraseología española en el diccionario bilingüe español-catalán: aplicaciones y contrastes
264 _a[Madrid, España] :
_bPublicaciones de la Universidad de Alicante,
_c2003
300 _a152 páginas
490 _aFilología
650 _aLexicology
856 _uhttps://public.digitaliapublishing.com/a/658
942 _cCF
999 _c73606
_d73606